Sports Quiz

Random Sports or Baseball Quiz

The Newest Team in Each State Quiz Stats

 Plays Quiz Updated Jul 8, 2021

Support Sporcle.
Go Orange.
Score 0/26 Timer 03:00
5 Plays Today
State Team % Correct
ArizonaDiamondbacks
84.9%
ColoradoAvalanche
77%
IndianaColts
74.2%
LouisianaPelicans
73.7%
MassachusettsPatriots
72.7%
OklahomaThunder
72.5%
New YorkNets
72.3%
NevadaRaiders
72.2%
MarylandRavens
70.5%
MinnesotaWild
70.3%
New JerseyDevils
69.5%
UtahJazz
69.4%
IllinoisBulls
68.5%
State Team % Correct
GeorgiaHawks
68.3%
MichiganPistons
67.8%
OregonTrail Blazers
65.7%
North CarolinaHornets
64.1%
CaliforniaRams
59.8%
FloridaRays
59.7%
MissouriRoyals
58.2%
OhioBlue Jackets
57.1%
TexasTexans
55.3%
PennsylvaniaFlyers/Penguins
54.5%
WisconsinBrewers
53.2%
TennesseeGrizzlies
51.1%
WashingtonKraken
51.1%

You're not logged in!

Compare scores with friends on all Sporcle quizzes.
OR
Log In
Forgot?

From the Vault

Sunday Crossword: Meryl Streep

by bhenderson79

At what point will she have as many Oscar nominations as there are clues in this crossword?
Remove Ads.
Support Sporcle.
Get the best of Sporcle when you Go Orange. This ad-free experience offers more features, more stats, and more fun while also helping to support Sporcle. Thank you for becoming a member.

Show Comments

Extras

Top Quizzes Today


Score Distribution

Your Account Isn't Verified!

In order to create a playlist on Sporcle, you need to verify the email address you used during registration. Go to your Sporcle Settings to finish the process.

Report this User

Report this user for behavior that violates our Community Guidelines.

Details: